Tissue culture methods for plant pathologists (Record no. 36446)

MARC details
000 -LEADER
fixed length control field 00348nam a2200133Ia 4500
082 ## - DEWEY DECIMAL CLASSIFICATION NUMBER
Classification number 581.817:581.2
Item number ING
245 #0 - TITLE STATEMENT
Title Tissue culture methods for plant pathologists
260 ## - PUBLICATION, DISTRIBUTION, ETC. (IMPRINT)
Place of publication Oxford
Name of publisher Blackwell
Year of publication 1980
650 ## - SUBJECT ADDED ENTRY--TOPICAL TERM
Topical Term In vitro
700 ## - ADDED ENTRY--PERSONAL NAME
Personal name Helgeson, J P
700 ## - ADDED ENTRY--PERSONAL NAME
Personal name Ingram, D S
942 ## - ADDED ENTRY ELEMENTS (KOHA)
Koha item type Books
Holdings
Withdrawn status Lost status Damaged status Not for loan Home library Current library Date acquired Full call number Accession Number Koha item type
        RRII Library RRII Library 16/12/2021 581.817:581.2 ING 16852 Books